MARC

LEADER 00000nam0a2200000 4500
001 357054
005 20231102010943.0
035 |a (RuTPU)RU\TPU\retro\14314 
090 |a 357054 
100 |a 20200728d1860 km y0rusy50 ca 
101 1 |a rus  |c ger 
102 |a RU 
105 |a a z 001zy 
200 1 |a Основания минералогии   |e пер. с нем.  |f К. Ф. Науманн  |g под ред. А. С. Ушакова ; пер. И. Медведева 
205 |a 1 изд. 
210 |a Санкт-Петербург  |c Издание Торгового Дома С. Струговщикова, Г. Похитонова, Н. Водова и К.  |d 1860 
215 |a 701 с.  |c ил. 
300 |a Текст в русской дореволюционной орфографии 
320 |a Указатель наименований минералов : с. 685-700 
606 1 |a Минералогия  |2 stltpush  |3 (RuTPU)RU\TPU\subj\43907  |9 63333 
610 1 |a минералы 
610 1 |a терминология 
610 1 |a физиология 
610 1 |a морфологические свойства 
610 1 |a кристаллография 
610 1 |a кристаллические системы 
610 1 |a формы 
610 1 |a комбинации 
610 1 |a измерения 
610 1 |a физические свойства 
610 1 |a твердость 
610 1 |a плотность 
610 1 |a магнетизм 
610 1 |a оптические свойства 
610 1 |a электричество 
610 1 |a химические свойства 
610 1 |a химический состав 
610 1 |a химические реакции 
610 1 |a испытание 
610 1 |a систематика 
610 1 |a физиография 
675 |a 549  |v 4 
700 1 |a Науманн  |b К. Ф.  |g Карл Фридрих 
702 1 |a Ушаков  |b А. С.  |c российский литератор  |c издатель  |f 1836-1902  |g Александр Сергеевич  |2 stltpush  |3 (RuTPU)RU\TPU\pers\20704  |4 340  |9 8418 
702 1 |a Медведев  |b И.  |4 730 
801 1 |a RU  |b 63413507  |c 20200728 
801 2 |a RU  |b 63413507  |c 20200911  |g RCR 
942 |c BK